000 00371nam a22001577a 4500
003 OSt
005 20211027160932.0
008 211027b |||||||| |||| 00| 0 eng d
020 _a9780761941446
040 _aHU
_cDDC
082 _a364
245 _aCRIMINOLOGICAL PERSPECTIVES
260 _aLOSANGELES
_bSAGE
_c2008
300 _axii,593,P,32CM
942 _2ddc
_cBOOKS
_n0
999 _c15338
_d15338